Movies Quiz

Random Movies or Quote Quiz

Mean Girls Quotes Quiz Stats

 Plays Quiz Updated Oct 28, 2018

Score 0/26 Timer 05:00
0 Plays Today
Quote Answer % Correct
'On Wednesdays, we wear _____.'pink
95.9%
'If you're from Africa, why are you _____?'white
93.1%
'I wish I could bake a _____ filled with rainbows and smiles...'cake
89.7%
'Don't have sex, because you will get pregnant and _____.'die
87.8%
'Gretchen, stop trying to make _____ happen!'fetch
85.1%
'My father, the _____ of toaster streudel..'inventor
84%
'Is butter a _____?'carb
83.9%
'I'm not a regular mom. I'm a _____ mom!'cool
83.7%
'I really wanna lose _____ pounds!'three
80.1%
'There's a 30% chance it's already _____.'raining
77.3%
'Made out with a hot _____? Oh my God, that was one time!'dog
76.2%
'I was half a _____ when I met him!'virgin
75.3%
'That's why her _____ is so big, it's full of secrets.'hair
75%
Quote Answer % Correct
'Would you like us to assign someone to _____ your muffin?'butter
75%
'That is the ugliest effing _____ I've ever seen.'skirt
73.6%
'You go, _____ _____!'Glenn Coco
69.2%
'The _____ does not exist!'limit
65%
'I hear she does car commercials... in _____!'Japan
64%
'Everyone in Africa can read _____.'Swedish
58.4%
'Your mom's _____ hair!'chest
57.3%
'Oh my God, _____ _____ I love your work!'Danny DeVito
53.9%
'Your face smells like _____!'peppermint
53.3%
'I saw Cady Heron wearing _____ pants and flip flops...'army
51.1%
'I mean that's just like the rules of _____.'feminism
50.6%
'We should totally just stab _____!'Caesar
49.2%
'You could try _____.'Sears
39.1%

You're not logged in!

Compare scores with friends on all Sporcle quizzes.
OR
Log In

Sporcle TV

Today on Sporcle TV


Watch our educational content, quiz creation guides, and fun videos on Sporcle TV.

Show Comments

Extras

Top Quizzes Today


Score Distribution

Your Account Isn't Verified!

In order to create a playlist on Sporcle, you need to verify the email address you used during registration. Go to your Sporcle Settings to finish the process.

Report this User

Report this user for behavior that violates our Community Guidelines.

Details: